01229nam a2200241Ia 4500003000900000008004100009040001600050080002500066111016300091245031100254260005900565300001600624490002600640650004100666650003200707650003000739650002700769700003800796700002900834942000700863999001500870952010200885IN-BaIIA211028s9999 xx 000 0 eng d cIIA Library a524.6-77(082.2)bRAD aWorkshop on Radio Continuum Processes in Clusters of Galaxiesn16thcNational Radio Astronomy Observatory Green Bank, West Virginia, USAd1986 Aug. 4-8916402 0aRadio continuum processes in clusters of galaxiesbproceedings of a workshop on radio continuum processes in clusters of galaxies, held in National Radio Astronomy Observatory Green Bank, West Virginia, USA, 4-8 Aug 1986cedited by Christopher P. O'Dea and Juan M. Uson  aGreen BankbNational Radio Astronomy Observatoryc1986 aviii, 349p. aNRAO workshop, no. 16 aAstronomy and astrophysics thesaurus aClusters of galaxies913374 aGalaxy distribution93369 aRadio continuum916403 aO'Dea, Christopher P., ed.916404 aUson, Juan M., ed916405 cBK c9702d9702 00104070aBANbBANcGENd0000-00-00l0o524.6-77(082.2)/ RADp10612r2021-11-05w0000-00-00yBK